00696nam a2200241 a 4500001001300000003000900013005001700022008004100039020001000080082001800090100002200108245003400130260003400164300000900198500003500207650002000242650002600262700002200288902000800310942000700318952011400325999001500439nice12345678IN_TiNIC20260116011824.0070619s1968 hyda grp 000 0 urd  ac1.500a891.4394bBAH aBahudur, Yar Jung aNigarishat-E-bahadur Yar Jung aHyderabadbNo Publisherc1968 a112p aincludes index and biblioraphy aUrdu-Literature aUrdu-Literature-essys1 aBahudur, Yar Jung bSRS cBK 001040708StackRoom-aHMIbHMId2007-06-19g1.50l0o891.4394 BAHp06186r2007-06-19v1.50w2007-06-19yBK c4214d4214